000
00266nam a2200097 4500
008
240223b |||||||| |||| 00| 0 eng d
245
_a
Our Laws 10
246
_a
The Police and you
260
_a
India :
_b
The Department of women and child development,
_c
1992
942
_c
CR
999
_c
4816
_d
4816